00375pab a2200133 454500008004000000100001800040245009400058260000900152300001300161362000800174650001600182700002700198773001600225180718b2010 xxu||||| |||| 00| 0 eng d aCameron, Mark aThe common factors model: implications for transtheoretical clinical social work practice c2010 ap.63-73. aJan aSocial work aKeenan, Elizabeth King aSocial Work